000 00501nam a2200181Ia 4500
003 OSt
005 20260324154345.0
008 190216s9999||||xx |||||||||||||| ||und||
020 _a9788126408849
040 _coclc
082 _a813.52
_bSTO/J
100 _aStone, Irving
_96238
245 0 _aJeevithasakthi = Lust For Life /
_cIrving Stone
260 _bDc Books,
_aKottayam:
_c2004.
300 _a192p
650 _aNovel
942 _cBK
_2ddc
_h813.52
_iSTO/J
_k813.52
_mSTO/J
999 _c28605
_d28605